000 00882nam a2200253 i 4500
001 bgj
245 0 0 _aNaturalismus, Ästhetizismus /
_cHerausgegeben von Christa Bürger, Peter Bürger, Jochen Schulte-Sasse ; Beiträge von Peter Bürger [et al.].
260 _aFrankfurt am Main :
_bSuhrkamp,
_c1979.
300 _a259, [1] S. ;
_c18 cm.
490 1 _aHefte für Kritsche Literaturwissenschaft ;
_v1
504 _aBibliographie S. 259-[260].
650 9 _aNaturalismus
_xin die |Literatur
650 9 _aÄsthetizismus
_xin die |Literatur
700 1 _aBÜRGER, Christa.
_eHrsg.
700 1 _aBÜRGER, Peter.
_eHrsg.
700 1 _aSCHULTE-SASSE, Jochen.
_eHrsg.
830 _aHefte für Kritsche Literaturwissenschaft ;
020 _a3518109928
040 _cBPK
041 0 _ager
920 _a3-518-10992-8
942 _cKS
008 s gw f |000 0 ger
999 _c50249
_d50249
856 _uhttp://koha.tu.koszalin.pl/cgi-bin/koha/opac-detail.pl?biblionumber=50249
_yKatalog online BPK